| Tag |
First Indicator |
Second Indicator |
Subfields |
| LEADER |
00000cam a2200000 4500 |
| 001 |
in00000022949 |
| 005 |
20161010110842.0 |
| 008 |
720620m1964 fr 00000 fre u |
| 010 |
|
|
|a 65032097
|
| 035 |
|
|
|a (OCoLC)00336805
|
| 035 |
|
|
|9 AAD9314AM
|
| 040 |
|
|
|c CDC
|d TXA
|d UtOrBLW
|
| 049 |
|
|
|a TXAM
|v 1 [461918]
|v 2
|y '67 [427864]
|
| 050 |
|
0 |
|a PQ2281
|b .P15
|
| 092 |
|
|
|a 841
|b H895/2
|
| 100 |
1 |
|
|a Hugo, Victor,
|d 1802-1885.
|
| 245 |
1 |
0 |
|a oeuvres poetiques /
|c Pref. par Gaetan Picon. Edition etablie et annotee par Pierre Albouy.
|
| 264 |
|
1 |
|a [Paris] :
|b [Gallimard],
|c [1964-]
|
| 300 |
|
|
|a 2 volumes ;
|c 18 cm.
|
| 336 |
|
|
|a text
|b txt
|2 rdacontent
|
| 337 |
|
|
|a unmediated
|b n
|2 rdamedia
|
| 338 |
|
|
|a volume
|b nc
|2 rdacarrier
|
| 490 |
0 |
|
|a Bibliotheque de la Pleiade, 171
|
| 500 |
|
|
|a "Notes et variantes": volume 1, pages [1133]-1591.
|
| 505 |
0 |
|
|a v. 1. Avant l'exil, 1802-1851.
|
| 700 |
1 |
|
|a Albouy, Pierre.
|
| 999 |
|
|
|a MARS
|
| 999 |
f |
f |
|s 0f52dc8b-e550-3cc9-9174-1f9a6e3a4a42
|i ac02c521-b2be-3e55-af4e-145e65d4b82d
|t 0
|
| 952 |
f |
f |
|p normal
|a Texas A&M University
|b College Station
|c Sterling C. Evans Library
|s Evans stk
|d Evans: Library Stacks
|t 0
|e PQ2281 .P15
|h Library of Congress classification
|i unmediated -- volume
|k v.2
|m A14825868755
|
| 952 |
f |
f |
|p normal
|a Texas A&M University
|b College Station
|c Sterling C. Evans Library
|s Evans stk
|d Evans: Library Stacks
|t 0
|e PQ2281 .P15
|h Library of Congress classification
|i unmediated -- volume
|k v.1
|m A14825868763
|
| 998 |
f |
f |
|a PQ2281 .P15
|s v.1-v.2
|t 0
|l Evans: Library Stacks
|